Normal view
MARC view
- Barnett, Raymond A
Entry Personal Name
001 - CONTROL NUMBER
- control field: 101628
003 - CONTROL NUMBER IDENTIFIER
- control field: NUST
005 - DATE AND TIME OF LATEST TRANSACTION
- control field: 20221028125703.0
008 - FIXED-LENGTH DATA ELEMENTS
- fixed length control field: 221028|| aca||aabn | a|a d
040 ## - CATALOGING SOURCE
- Original cataloging agency: NUST
- Transcribing agency: NUST
100 ## - HEADING--PERSONAL NAME
- Personal name: Barnett, Raymond A
670 ## - SOURCE DATA FOUND
- Source citation: Work cat.: (NUST)179986: Barnett, Raymond A., College mathematics for management, life, and social sciences /, c1978.
